000 00968nam a22003017a 4500
001 4946
003 FISKH
005 20241204151530.0
008 241028b cb ||||| |||| 00| 0 eng d
020 _a9780590118774
040 _aFISKH
_beng
_cFISKH
_dFISKH
050 _aPZ7.A413
082 _a813.54
100 _aAllard, Harry
_d(1928–2017)
245 _aMiss Nelson is missing! /
_cHarry Allard James Marshall
250 _aThis edition is published in 1977.
260 _aNew York :
_bScholastic,
_c1977.
300 _a32 pages :
_bcolor illustrations ;
_c23 cm
505 _aG
520 _aThe kids in Room 207 take advantage of their teacher's good nature until she disappears and they are faced with a vile substitute.
521 8 _a340L
_bLexile
521 8 _aG
_bRaz-Plus
650 _2Fiction
_aRespect
_vSchool
650 _2Substitute
_aBad behavior
700 _aMarshall, James
_dIllustrator
942 _2ddc
_cBK
_n0
999 _c4946
_d4946